000
00233 a2200097 4500
001
24994
100
_a
Cunningham, J
245
_a
Complex variable methods in science & technology
260
_a
_b
D.Van Nost
_c
090
_c
16940
_d
16940
942
_a
NUST-CAE
_c
M
_c
7714
999
_c
260067
_d
260067